000 00403pam a2200157a 44500
008 230405s2012 xxu||||| |||| 00| 0 eng d
020 _a978812920597
_cRs. 880
082 _a618.92
_bBAG
100 _aBagga, Arvind
245 _aProtocols in Pediatric Nephrology
260 _aNew Delhi
_bCBS Pub.
_c2012
300 _a296 p
700 _aGulati, Ashima
700 _aSinha, Aditi
906 _a000473
999 _c249227
_d249227